Most Receiving Yards in a Single Season WRs - Statistics

General Stats
  • This quiz has been taken 32 times
  • The average score is 14 of 20
Answer Stats
Rank Team Yards WR % Correct
4 49ers 1,848 Jerry Rice
96%
1 Lions 1,964 Calvin Johnson
92%
2 Rams 1,947 Cooper Kupp
92%
5 Steelers 1,834 Antonio Brown
88%
14 Bengals 1,708 Ja'Marr Chase
88%
3 Falcons 1,871 Julio Jones
88%
6 Vikings 1,809 Justin Jefferson
88%
9 Cowboys 1,749 CeeDee Lamb
85%
7 Dolphins 1,799 Tyreek Hill
85%
25 Broncos 1,619 Demaryius Thomas
81%
11 Saints 1,725 Michael Thomas
81%
12 Colts 1,722 Marvin Harrison
77%
24 Vikings 1,632 Randy Moss
77%
27 Cowboys 1,603 Michael Irvin
65%
16 Rams (St Louis) 1,696 Torry Holt
58%
8 Rams (St. Louis) 1,781 Isaac Bruce
54%
21 Browns 1,646 Josh Gordon
50%
22 Jaguars 1,636 Jimmy Smith
38%
17 Lions 1,686 Herman Moore
31%
10 Oilers 1,746 Charley Hennigan
4%
No matching quizzes found
Score Distribution
Percent of People with Each Score
Percentile by Number Answered
Your Score History
You have not taken this quiz